01926cam a2200337 a 4500999001500000001000800015003000600023005001700029008004100046010001600087020001500103020001400118020001800132035001900150040006500169050001500234082002100249092001900270100002900289245005100318260004700369300002100416504004100437505064000478520017601118650001401294650002001308942001201328952012201340952012601462 c2038d20386677056OCoLC20180922162030.0810508s1980 cau b 000 0 eng  a 79091703 a0830707301 a083079967 a9780830707300 a(OCoLC)6677056 aDLCbengcDLCdBTCTAdOCLCGdHNWdOCLCQdTXMLIdOCLCAdOCLCF00aBF531b.D600a248.4219bD635E0 a248.46bD6355e1 aDobson, James C.,d1936-10aEmotions, can you trust them? /cJames Dobson. aVentura, Calif. :bGL Regal Books,cc1980. a143 p. ;c22 cm. aIncludes bibliographical references.0 aGuilt : the painful emotion -- The origin of guilt -- Living with conscience -- Parental training of the conscience -- Eight conclusions about guilt -- Learning-discussion ideas -- Romantic love : distortion versus the real thing -- Beliefs about love -- I am committed to you -- Learning-discussion ideas -- Conflict in a floral shop -- What is anger? When is it sinful? -- How do you deal with anger? -- Aspects of anger -- Learning-discussion ideas -- Can you know God's will? -- Why you can't trust inner feelings and impressions -- How to test inner feelings and impressions -- How to know God's will -- Learning-discussion ideas. aIs love at first sight really love? Will genuine love last a lifetime? Is anger wrong? How can I learn to bring my temper under control? Answers may be found in this book. 0aEmotions. 0aChristian life. 2ddccBK 00102ddc40708NFICaHMCbHMCcGENd2018-09-22g400.00l0o248.4 D635Ep001662r2018-09-22 00:00:00w2018-09-22yBK 00102ddc40708NFICaHMCbHMCcGENd2021-01-20l1o248.4 D635Ep010743r2024-12-19 03:35:27s2024-12-13w2021-01-20yBK